[Event "Ch URS (qual)"]
[Site "masterchessopen.com Severodonetsk (Ukraine)"]
[Round "0"]
[White "Karasev Vladimir I (RUS)"]
[Black "Sideif-Sade Fikret I (AZE)"]
[Result "1-0"]
[WhiteElo "2372"]
[BlackElo "2381"]

1.d4 Nf6 2.c4 g6 3.Nc3 d5 4.Bf4 Bg7 5.e3 c5 6.dxc5 Qa5 7.Qa4+ Qxa4 8.Nxa4 Bd7
9.Nc3 dxc4 10.Bxc4 Bc6 11.Nf3 Nbd7 12.Rc1 Nxc5 13.Ne5 Nh5 14.O-O O-O 15.Nxc6
bxc6 16.Bg5 Rfe8 17.f3 Nf6 18.Rfd1 Nfd7 19.b3 Nb6 20.Bf1 Ne6 21.Bh4 Kf8 22.Ne4
Nd5 23.Bf2 a5 24.Rxc6 Nb4 25.Rxe6 fxe6 26.Ng5 Nxa2 27.Nxe6+ Kg8 28.Bc4 Kh8
29.Rd7 Nb4 30.h4 Bf6 31.g4 Nc6 32.f4 Nb8 33.Rb7 a4 34.Nc7 a3 35.b4 Nc6 36.Nxe8
Rxe8 37.Rb6 Rc8 38.Be6 Rc7 39.Ra6 Nxb4 40.Ra8+ Kg7 41.Rg8+ {#r} 1-0

[Event "It (open)"]
[Site "masterchessopen.com Soro (Denmark)"]
[Round "0"]
[White "Pedersen Finn (DEN)"]
[Black "Hansen Per (DEN)"]
[Result "1-0"]
[WhiteElo "2285"]
[BlackElo "1925"]

1.d4 Nf6 2.c4 g6 3.Nc3 d5 4.Bf4 Bg7 5.e3 c5 6.dxc5 Qa5 7.Qa4+ Qxa4 8.Nxa4 Be6
9.Rc1 Nc6 10.Nf3 O-O 11.Be2 Rac8 12.O-O dxc4 13.Bxc4 Nd5 14.Bg3 Na5 15.Bxd5
Bxd5 16.b4 Nc6 17.a3 a5 18.Nb6 Rcd8 19.Bc7 axb4 20.Bxd8 Rxd8 21.Nxd5 Rxd5
22.axb4 Nxb4 23.Rfd1 e6 24.Rxd5 Nxd5 25.Rb1 Bf8 26.Rb5 {#r} 1-0

[Event "It \"]
[Site "masterchessopen.com Amsterdam (Netherlands)"]
[Round "0"]
[White "Bohm Hans (NED)"]
[Black "Henley Ron W (USA)"]
[Result "0-1"]
[WhiteElo "2390"]
[BlackElo "2525"]

1.d4 Nf6 2.c4 g6 3.Nc3 d5 4.Bf4 Bg7 5.e3 c5 6.dxc5 Qa5 7.Qb3 dxc4 8.Bxc4 O-O
9.Nf3 Ne4 10.Ne5 Bxe5 11.Bxe5 Nc6 12.Bg3 Nxc5 13.Qb5 Bf5 14.O-O Qxb5 15.Nxb5
Ne4 16.Rfd1 Nxg3 17.hxg3 Rfd8 18.Bd5 Bc2 19.Rdc1 Rxd5 20.Nc7 Rc5 21.Nxa8 Nb4
22.a3 Nd3 23.b4 Rc8 24.e4 Kf8 25.b5 Nxc1 26.Rxc1 b6 27.a4 Ke8 28.a5 bxa5 29.b6
Rxa8 30.b7 Rb8 31.Rxc2 Rxb7 32.Rc5 a6 33.Rxa5 Ra7 34.Kf1 Kd7 35.Ke2 Kc6 36.Kd3
Kb6 37.Ra2 a5 38.Kc4 a4 39.Kb4 a3 40.f3 h5 41.Kb3 Kb5 {#R} 0-1

[Event "It (cat.8)"]
[Site "masterchessopen.com Trnava (Slovakia)"]
[Round "0"]
[White "Schmidt Wlodzimierz (POL)"]
[Black "Stohl Igor (SVK)"]
[Result "1-0"]
[WhiteElo "2480"]
[BlackElo "2405"]

1.d4 Nf6 2.c4 g6 3.Nc3 d5 4.Bf4 Bg7 5.e3 c5 6.dxc5 Qa5 7.Rc1 Ne4 8.cxd5 Nxc3
9.Qd2 Qxa2 10.bxc3 Qa5 11.Bc4 Nd7 12.Nf3 Nxc5 13.Be5 f6 14.Bd4 Ne4 15.Qe2 Nd6
16.Ba2 b5 17.O-O Bg4 18.Ra1 O-O 19.e4 Qc7 20.h3 Bxf3 21.Qxf3 Kh8 22.Rfe1 a5
23.h4 Nc4 24.h5 g5 25.Qd3 Rf7 26.Bxc4 bxc4 27.Qe2 Rff8 28.Ra4 Rfc8 29.Rea1 Ra6
30.g3 Kg8 31.Qa2 f5 32.Bxg7 Kxg7 33.exf5 Qe5 34.Rxc4 Rf8 35.Qd2 Qxf5 36.Re1
Rf7 37.Rce4 Rd6 38.Re5 {#r} 1-0

[Event "It (cat.9)"]
[Site "masterchessopen.com Frunze (Kyrgyzstan)"]
[Round "0"]
[White "Agzamov Georgy T (RUS)"]
[Black "Gulko Boris F (USA)"]
[Result "0-1"]
[WhiteElo "2560"]
[BlackElo "2490"]

1.d4 Nf6 2.c4 g6 3.Nc3 d5 4.Bf4 Bg7 5.e3 c5 6.dxc5 Qa5 7.Rc1 Ne4 8.cxd5 Nxc3
9.Qd2 Qxa2 10.bxc3 Qa5 11.Bc4 Nd7 12.Nf3 Nxc5 13.Be5 Bxe5 14.Nxe5 f6 15.Nf3
O-O 16.Nd4 Ne4 17.Qb2 Nd6 18.Ba2 Bd7 19.O-O Rac8 20.e4 Qc5 21.Rfe1 b5 22.h4 a5
23.Qe2 Nc4 24.h5 Qd6 25.Rcd1 Qe5 26.hxg6 hxg6 27.g3 g5 28.Qh5 Rf7 29.Nf5 Rh7
30.Qf3 Nd6 31.Re3 Kf7 32.Kf1 b4 33.cxb4 axb4 34.Nd4 g4 35.Qf4 Rh1+ 36.Ke2 Rxd1
37.Qh6 Bb5+ 38.Nxb5 Qb2+ {#R} 0-1

[Event "It (cat.11)"]
[Site "masterchessopen.com Sochi (Russia)"]
[Round "0"]
[White "Agzamov Georgy T (RUS)"]
[Black "Gulko Boris F (USA)"]
[Result "1-0"]
[WhiteElo "2560"]
[BlackElo "2490"]

1.d4 Nf6 2.c4 g6 3.Nc3 d5 4.Bf4 Bg7 5.e3 c5 6.dxc5 Qa5 7.Rc1 Ne4 8.cxd5 Nxc3
9.Qd2 Qxa2 10.bxc3 Qa5 11.Bc4 Nd7 12.Nf3 Nxc5 13.Be5 O-O 14.O-O f6 15.Ra1 Qd8
16.Bc7 Qd7 17.d6+ e6 18.Nd4 Qf7 19.Ra5 b6 20.Rxc5 bxc5 21.Nb3 Qd7 22.Qd3 Rd8
23.Qe4 {#r} 1-0

[Event "It (open)"]
[Site "masterchessopen.com Bad Woerishofen (Germany)"]
[Round "0"]
[White "Sorm Daniel (CZE)"]
[Black "Doncevic Dario (CRO)"]
[Result "0-1"]
[WhiteElo "2317"]
[BlackElo "2345"]

1.d4 Nf6 2.c4 g6 3.Nc3 d5 4.Bf4 Bg7 5.e3 c5 6.dxc5 Qa5 7.Rc1 dxc4 8.Bxc4 O-O
9.Qb3 Ne4 10.Qb5 Qxb5 11.Nxb5 Na6 12.b3 Nexc5 13.Nf3 Bf5 14.Nbd4 Nd3+ 15.Bxd3
Bxd3 16.Kd2 Be4 17.a3 Rad8 18.Ke2 Rd5 19.Ng5 Bxg2 20.Rhg1 e5 21.Rxg2 exf4
22.Ngf3 Re8 23.Kd3 fxe3 24.fxe3 Nc5+ 25.Kc4 Rdd8 26.Rgc2 Ne6 27.Kd3 f5 28.Rc4
f4 29.exf4 b5 30.Rc7 Bxd4 {#R} 0-1

[Event "corr."]
[Site "masterchessopen.com DDR"]
[Round "0"]
[White "Schaefer Markus (GER)"]
[Black "Soltau Achim (GER)"]
[Result "1-0"]
[WhiteElo "2399"]
[BlackElo "1999"]

1.d4 Nf6 2.c4 g6 3.Nc3 d5 4.Bf4 Bg7 5.e3 c5 6.dxc5 Qa5 7.Rc1 dxc4 8.Bxc4 O-O
9.Ne2 Qxc5 10.Qb3 Qa5 11.O-O Nc6 12.h3 Ne5 13.Nd5 Nxd5 14.Bxd5 Qb6 15.Rfd1 Nc6
16.Nc3 Qxb3 17.Bxb3 e5 18.Bh2 Bf5 19.g4 Bc8 20.Rd6 Rd8 21.Ne4 Bd7 22.Nc5 Bc8
23.Rxd8+ Nxd8 24.Rd1 Nc6 25.Rd5 Kf8 26.Nd7+ Ke7 27.Nxe5 Be6 28.Nxc6+ bxc6
29.Rd3 Bxb2 30.Bxe6 Kxe6 31.Rd6+ Ke7 32.Rxc6 a5 33.a4 Ba3 34.Be5 Kd7 35.Rc7+
Ke6 36.f4 Ra6 37.Kf2 Bd6 38.Bxd6 Rxd6 39.Kf3 Rd5 40.g5 h5 41.gxh6 Rh5 42.Kg3
{#r} 1-0

[Event "Ch France"]
[Site "masterchessopen.com France"]
[Round "0"]
[White "Andruet Gilles (FRA)"]
[Black "Bernard Christophe (FRA)"]
[Result "1-0"]
[WhiteElo "2410"]
[BlackElo "1694"]

1.d4 Nf6 2.c4 g6 3.Nc3 d5 4.Bf4 Bg7 5.e3 c5 6.dxc5 Qa5 7.Qa4+ Qxa4 8.Nxa4 Bd7
9.Nc3 Na6 10.cxd5 Nxc5 11.Nf3 O-O 12.Rd1 Rfd8 13.Be5 Na4 14.Nxa4 Bxa4 15.Rd4
Bc2 16.Bc4 a6 17.Ke2 b5 18.Rc1 Be4 19.Bb3 Bxd5 20.Bxd5 Nxd5 21.Rcd1 e6 22.e4
Bxe5 23.Nxe5 Nf4+ 24.Kf3 Rxd4 25.Rxd4 Nh5 26.g4 Nf6 27.g5 Nh5 28.Rd6 Rc8
29.Rxa6 Rc5 30.Nd3 Rxg5 31.Rb6 Nf6 32.e5 Rf5+ 33.Kg2 Rg5+ 34.Kf3 Rf5+ 35.Ke2
Ng4 36.Rxb5 Nxh2 37.a4 Nf3 38.Ke3 h5 39.a5 h4 40.a6 h3 41.a7 h2 42.a8=Q+ Kg7
43.Rb8 {#r} 1-0

[Event "Ch World (juniors)"]
[Site "masterchessopen.com Gausdal (Norway)"]
[Round "0"]
[White "Hansen Lars Bo (DEN)"]
[Black "Staniszewski Piotr (POL)"]
[Result "0-1"]
[WhiteElo "2572"]
[BlackElo "2420"]

1.d4 Nf6 2.c4 g6 3.Nc3 d5 4.Bf4 Bg7 5.e3 c5 6.dxc5 Qa5 7.Rc1 Ne4 8.cxd5 Nxc3
9.Qd2 Qxa2 10.bxc3 Qa5 11.Nf3 Nd7 12.c4 Qxd2+ 13.Nxd2 a5 14.e4 a4 15.Be3 a3
16.Nb3 a2 17.Na1 Bb2 18.Rd1 Bc3+ 19.Ke2 O-O 20.Kd3 Bb4 21.Nc2 Nxc5+ 22.Bxc5
Bxc5 23.f4 Bd7 24.Ra1 Rfc8 25.Kc3 b5 26.g3 b4+ 27.Kb2 Rcb8 28.Rxa2 Rxa2+
29.Kxa2 b3+ 30.Kb1 bxc2+ 31.Kxc2 Ba4+ 32.Kc3 Rb3+ 33.Kd2 Bb4+ 34.Ke2 Rb2+
35.Ke3 Bc5+ 36.Kd3 Bc2+ 37.Kc3 Bxe4 38.Kxb2 Bxh1 39.Kb3 e6 40.dxe6 fxe6 41.Ka4
Bc6+ {#R} 0-1

[Event "Ch Netherlands"]
[Site "masterchessopen.com Hilversum (Netherlands)"]
[Round "10"]
[White "Gelpke Peter (NED)"]
[Black "Peelen Piet (NED)"]
[Result "1-0"]
[WhiteElo "2385"]
[BlackElo "2395"]

1.d4 Nf6 2.c4 g6 3.Nc3 d5 4.Bf4 Bg7 5.e3 c5 6.dxc5 Qa5 7.Rc1 Ne4 8.cxd5 Nxc3
9.Qd2 Qxa2 10.bxc3 Qa5 11.Bc4 Nd7 12.Nf3 O-O 13.O-O Qxc5 14.Ba2 Nf6 15.Be5 b5
16.c4 Ne4 17.Qb2 Bxe5 18.Qxe5 Nf6 19.cxb5 Qxb5 20.Qxe7 Nxd5 21.Qe5 Bb7 22.Rb1
Qa5 23.Bc4 Rae8 24.Qg5 Qc5 25.Rfc1 Ba8 26.Bb5 Qe7 27.Bxe8 Rxe8 28.Qxe7 Nxe7
29.Ra1 Bxf3 30.gxf3 g5 31.Rxa7 Ng6 32.Rcc7 Rf8 33.Kg2 {#r} 1-0

[Event "Ch Ukraine"]
[Site "masterchessopen.com Kiev (Ukraine)"]
[Round "14"]
[White "Vainerman Igor (UKR)"]
[Black "Okhotnik Vladimir (FRA)"]
[Result "0-1"]
[WhiteElo "2400"]
[BlackElo "2445"]

1.d4 Nf6 2.c4 g6 3.Nc3 d5 4.Bf4 Bg7 5.e3 c5 6.dxc5 Be6 7.Nf3 Qa5 8.Nd4 Nc6
9.Be2 Ne4 10.O-O Nxc3 11.bxc3 Rd8 12.Qb3 Qxc5 13.Qxb7 Na5 14.Qc7 Rc8 15.Qxc5
Rxc5 16.Nb3 Nxb3 17.axb3 Bxc3 18.Rxa7 dxc4 19.bxc4 O-O 20.Rc1 Bb2 21.Rc2 Bf6
22.Rc7 Ra5 23.g4 Rb8 24.Kg2 Rb1 25.h3 Raa1 26.Bf3 Rh1 27.Kg3 Rag1+ 28.Bg2 g5
29.Kf3 gxf4 30.Bxh1 Rxh1 31.Kg2 Rd1 {#R} 0-1

[Event "Ch Sweden"]
[Site "masterchessopen.com Malme (Sweden)"]
[Round "0"]
[White "Akesson Ralf (SWE)"]
[Black "Welin Thomas (SWE)"]
[Result "1-0"]
[WhiteElo "2421"]
[BlackElo "2445"]

1.d4 Nf6 2.c4 g6 3.Nc3 d5 4.Bf4 Bg7 5.e3 c5 6.dxc5 Qa5 7.Qa4+ Qxa4 8.Nxa4 Ne4
9.cxd5 Bd7 10.Bd3 Bxa4 11.Bxe4 Nd7 12.Ne2 Nxc5 13.Bf3 Bxb2 14.Rb1 Ba3 15.Kd2
Rc8 16.Nc3 Bd7 17.d6 exd6 18.Bxd6 Bc6 19.Bxc6+ Rxc6 20.Bxc5 Bxc5 21.Rxb7 O-O
22.Rd1 Bb6 23.Nd5 Ba5+ 24.Ke2 Rc2+ 25.Kf3 Rxa2 26.Rxa7 Rd2 27.Rxd2 Bxd2 28.Ra2
Bc1 29.Nf4 {#r} 1-0

[Event "Tournament"]
[Site "masterchessopen.com Novosibirsk (Russia)"]
[Round "6"]
[White "Chekhov Valery A (RUS)"]
[Black "Semeniuk Alexander A (RUS)"]
[Result "0-1"]
[WhiteElo "2495"]
[BlackElo "2417"]

1.d4 Nf6 2.c4 g6 3.Nc3 d5 4.Bf4 Bg7 5.e3 c5 6.dxc5 Qa5 7.Rc1 Ne4 8.cxd5 Nxc3
9.Qd2 Qxa2 10.bxc3 Qxd2+ 11.Kxd2 Nd7 12.Bb5 O-O 13.Bxd7 Bxd7 14.e4 f5 15.e5
Rac8 16.e6 Ba4 17.c4 Rxc5 18.Be3 Rc7 19.Nf3 Rfc8 20.Kd3 b5 21.c5 Bb3 22.d6
exd6 23.cxd6 Rxc1 24.Rxc1 Rxc1 25.Bxc1 Bc4+ 26.Kc2 Bxe6 27.Bb2 Bxb2 28.Kxb2
Kg7 29.Kc3 a5 30.Nd4 b4+ 31.Kd3 Kf6 32.Nc6 a4 33.Nxb4 Ke5 34.Nc2 Kxd6 35.Kd4
f4 36.g3 fxg3 37.fxg3 Bb3 38.Na3 Ke6 39.Ke4 Bd5+ 40.Kf4 Kd6 41.Ke3 Kc5 42.Kd2
Kb4 43.Nc2+ Kb3 44.Kc1 Be4 45.Nd4+ Kc4 46.Ne6 a3 47.g4 Kc3 {#R} 0-1

[Event "?"]
[Site "masterchessopen.com Novosibirsk (Russia)"]
[Round "0"]
[White "Makarov Marat (RUS)"]
[Black "Krasenkow Michal (POL)"]
[Result "1-0"]
[WhiteElo "2523"]
[BlackElo "2608"]

1.d4 Nf6 2.c4 g6 3.Nc3 d5 4.Bf4 Bg7 5.e3 c5 6.dxc5 Qa5 7.Rc1 Ne4 8.cxd5 Nxc3
9.Qd2 Qxa2 10.bxc3 Qa5 11.Bc4 Nd7 12.Nf3 Nxc5 13.O-O O-O 14.Be5 Bxe5 15.Nxe5
Ne4 16.Qd4 Nd6 17.Bd3 f6 18.Nf3 Qc7 19.c4 e5 20.dxe6 Bxe6 21.c5 Nf5 22.Qb2 Rf7
23.e4 Ng7 24.Nd4 a6 25.Nxe6 Nxe6 26.Bc4 Re8 27.Rfd1 Kg7 28.Rd6 Rfe7 29.g3 Qc8
30.h4 h5 31.Bd5 a5 32.c6 b5 33.Bxe6 Rxe6 34.Rxe6 Rxe6 35.Qxb5 Rxe4 36.Qxa5 Re8
37.Qb6 Re6 38.Qb7+ Qxb7 39.cxb7 Rb6 40.Rc7+ Kh6 41.f4 Rb2 42.Kf1 g5 43.hxg5+
{#r} 1-0

[Event "Ch Argentina"]
[Site "masterchessopen.com Argentina"]
[Round "0"]
[White "Ramirez Guerrero Enrique (ESP)"]
[Black "Servat Roberto (ARG)"]
[Result "0-1"]
[WhiteElo "2036"]
[BlackElo "2285"]

1.d4 Nf6 2.c4 g6 3.Nc3 d5 4.Bf4 Bg7 5.e3 c5 6.dxc5 Qa5 7.Rc1 Ne4 8.cxd5 Nxc3
9.Qd2 Qxa2 10.bxc3 Qa5 11.Bc4 O-O 12.Ne2 Qxc5 13.Ba2 Nd7 14.e4 b6 15.Be3 Qa3
16.O-O Ba6 17.Rfd1 Nc5 18.Bxc5 Qxc5 19.Nd4 Rfc8 20.Nc6 Bb5 21.Qf4 Bxc6 22.dxc6
e6 23.Rd7 Rf8 24.c7 Be5 25.Qe3 Qxe3 26.fxe3 Rac8 27.c4 Rxc7 28.Rxc7 Bxc7
29.Rd1 Be5 30.Rd7 a5 31.Bb3 Rb8 32.Ba4 Bc3 33.Kf2 Bb4 34.Ke2 Kg7 35.Kd3 Bc5
36.e5 h5 37.g3 g5 38.h3 Kg6 39.Bc2 Kg7 40.Ba4 Rc8 41.g4 hxg4 42.hxg4 Rh8
43.Ke4 Rh3 44.Rd3 Rg3 45.Bd1 a4 46.Bxa4 Rxg4+ 47.Kf3 Rxc4 48.Bd1 b5 {#R} 0-1

[Event "Ch Leningrad"]
[Site "masterchessopen.com Leningrad (Russia)"]
[Round "0"]
[White "Karasev Vladimir I (RUS)"]
[Black "Traito K (RUS)"]
[Result "1-0"]
[WhiteElo "2372"]
[BlackElo "2245"]

1.d4 Nf6 2.c4 g6 3.Nc3 d5 4.Bf4 Bg7 5.e3 c5 6.dxc5 Qa5 7.Qa4+ Qxa4 8.Nxa4 Ne4
9.f3 Bd7 10.fxe4 Bxa4 11.Bxb8 dxc4 12.Bc7 Rc8 13.Ba5 Bxb2 14.Rb1 c3 15.Bd3
Rxc5 16.Bb4 Rc7 17.Ne2 c2 18.Rc1 Bxc1 19.Nxc1 O-O 20.Kd2 Rd8 21.e5 Rd5 22.Bc3
b5 23.e4 Rdc5 24.Ne2 Rd7 25.Rc1 Rc8 26.Bd4 Rcd8 27.Ke3 Rc8 28.Nc3 Rcd8 29.Nxa4
Rxd4 30.Nc5 b4 31.Rxc2 Kf8 32.Be2 h6 33.h4 g5 34.hxg5 hxg5 35.e6 R8d6 36.Bc4
Rc6 37.Bd5 Rd6 38.exf7 {#r} 1-0

[Event "Ch URS (qual)"]
[Site "masterchessopen.com Norilsk (Russia)"]
[Round "0"]
[White "Ruban Vadim (RUS)"]
[Black "Piesina Gintautas (LTU)"]
[Result "1-0"]
[WhiteElo "2545"]
[BlackElo "2325"]

1.d4 Nf6 2.c4 g6 3.Nc3 d5 4.Bf4 Bg7 5.e3 c5 6.dxc5 Qa5 7.Qb3 Nc6 8.Qb5 Be6
9.Rd1 dxc4 10.Qxb7 Rc8 11.Bxc4 Bg4 12.h3 Ne4 13.hxg4 Bxc3+ 14.Kf1 O-O 15.bxc3
Qxc3 16.Be2 e5 17.Qb1 Nxf2 18.Rc1 Qa3 19.Kxf2 exf4 20.exf4 Rb8 21.Qc2 Rb4
22.Qd2 Rb2 23.Qc3 Qxa2 24.Qh3 h5 25.gxh5 Re8 26.hxg6 Rbxe2+ 27.Nxe2 Qxe2+
28.Kg1 Qe3+ 29.Qxe3 Rxe3 30.gxf7+ Kxf7 31.Rh6 Nd4 32.Ra1 {#r} 1-0

[Event "It (cat.11)"]
[Site "masterchessopen.com Sochi (Russia)"]
[Round "16"]
[White "Lputian Smbat G (ARM)"]
[Black "Lalic Bogdan (ENG)"]
[Result "1-0"]
[WhiteElo "2540"]
[BlackElo "2485"]

1.d4 Nf6 2.c4 g6 3.Nc3 d5 4.Bf4 Bg7 5.e3 c6 6.h3 O-O 7.Nf3 Bf5 8.Qb3 Qb6 9.g4
Be4 10.Nxe4 Nxe4 11.Qxb6 axb6 12.a3 e6 13.cxd5 exd5 14.Ne5 Re8 15.Rd1 b5
16.Be2 Bf8 17.g5 b4 18.f3 f6 19.Ng4 f5 20.fxe4 fxg4 21.exd5 cxd5 22.axb4 Bxb4+
23.Kf2 Nc6 24.Bxg4 Ra2 25.Rb1 Kf7 26.h4 Rf8 27.Kg3 Rfa8 28.h5 R8a6 29.Rbf1 Ne7
30.hxg6+ hxg6 31.Be5+ {#r} 1-0

[Event "Ch Spain (team)"]
[Site "masterchessopen.com Spain"]
[Round "0"]
[White "Garcia Vicente Nieves (ESP)"]
[Black "Bofill Mas Alejandro (ESP)"]
[Result "0-1"]
[WhiteElo "2214"]
[BlackElo "2344"]

1.d4 Nf6 2.c4 g6 3.Nc3 d5 4.Bf4 Bg7 5.e3 c5 6.dxc5 Qa5 7.Qa4+ Qxa4 8.Nxa4 Na6
9.cxd5 Nxd5 10.Bb5+ Bd7 11.c6 Bxc6 12.Bxc6+ bxc6 13.Bg3 Nb6 14.Nc3 O-O-O
15.Nge2 Nb4 16.O-O Rd2 17.b3 Rhd8 18.Rac1 Kb7 19.a3 Na2 20.Nxa2 Rxa2 21.Nc3
Bxc3 22.Rxc3 Rxa3 23.Rfc1 Rc8 24.e4 c5 25.Kf1 c4 26.bxc4 Rxc3 27.Rxc3 Rxc4
28.Rxc4 Nxc4 29.Ke2 Kc6 30.Kd3 Kc5 31.Bb8 a5 32.Kc3 Nd6 33.Kb3 Kb6 34.e5 Nb5
35.Kc4 e6 36.g4 a4 {#R} 0-1

[Event "Ch Spain (team)"]
[Site "masterchessopen.com Spain"]
[Round "0"]
[White "Garcia Vicente Nieves (ESP)"]
[Black "Fernandez Garcia Jose Luis (ESP)"]
[Result "0-1"]
[WhiteElo "2214"]
[BlackElo "2450"]

1.d4 Nf6 2.c4 g6 3.Nc3 d5 4.Bf4 Bg7 5.e3 c5 6.dxc5 Qa5 7.Qa4+ Qxa4 8.Nxa4 Ne4
9.f3 Bd7 10.fxe4 Bxa4 11.cxd5 Bxb2 12.Rb1 Bc3+ 13.Kf2 Nd7 14.Kf3 Nxc5 15.Bb5+
Bxb5 16.Rxb5 b6 17.Ne2 Bg7 18.Rd1 O-O 19.e5 Nd7 20.Ke4 Rac8 21.Rd2 f5+ 22.exf6
Nxf6+ 23.Kd3 a6 24.Rxb6 Nxd5 25.Rbb2 Rfd8 26.Ke4 Rc4+ 27.Kf3 Bxb2 28.Rxb2 Nxf4
29.Nxf4 Kf7 30.Ke2 Rc3 31.g3 Ra3 32.Kf3 Rd1 33.h4 Re1 34.Nd5 Rd1 35.Nf4 {#R}
0-1

[Event "It"]
[Site "masterchessopen.com Vrsac (Yugoslavia)"]
[Round "4"]
[White "Barlov Dragan (SRB)"]
[Black "Popovic Petar (SRB)"]
[Result "1-0"]
[WhiteElo "2555"]
[BlackElo "2560"]

1.d4 Nf6 2.c4 g6 3.Nc3 d5 4.Bf4 Bg7 5.e3 c5 6.dxc5 Qa5 7.Rc1 Ne4 8.Ne2 e5
9.Bg3 Nxc3 10.Qd2 d4 11.exd4 exd4 12.bxc3 dxc3 13.Nxc3 Na6 14.Bd6 Be6 15.Nb5
Qxd2+ 16.Kxd2 Kd7 17.Be2 Bf8 18.Rhd1 Nxc5 19.Be5 Rg8 20.Ke1+ Ke7 21.Bd4 Nd7
22.Bf3 Bh6 23.Rc2 a6 24.Nc7 Rab8 25.c5 Bf5 26.Nd5+ Kd8 27.Re2 Be6 28.Bf6+ Nxf6
29.Nxf6+ Kc7 30.Rxe6 fxe6 31.Rd7+ Kc8 32.Rxh7 Rf8 33.Nd7 Bd2+ 34.Ke2 {#r} 1-0

[Event "Ch Argentina"]
[Site "masterchessopen.com Argentina"]
[Round "0"]
[White "Cifuentes Parada Roberto (ESP)"]
[Black "Milos Gilberto (BRA)"]
[Result "1-0"]
[WhiteElo "2530"]
[BlackElo "2510"]

1.d4 Nf6 2.c4 g6 3.Nc3 d5 4.Bf4 Bg7 5.e3 c5 6.dxc5 Qa5 7.Qa4+ Qxa4 8.Nxa4 Ne4
9.f3 Bd7 10.fxe4 Bxa4 11.cxd5 Bxb2 12.Rb1 Bc3+ 13.Kf2 Nd7 14.Rc1 Nxc5 15.Kf3
Bb4 16.Rc4 a5 17.a3 Bd1+ 18.Be2 Bxe2+ 19.Nxe2 Bxa3 20.Rb1 Nd3 21.Rxb7 Bb4
22.Nd4 g5 23.Bg3 h5 24.Ke2 h4 25.Bc7 Nb2 26.Rc2 Na4 27.Nc6 f6 28.Nxb4 axb4
29.Rxb4 Kf7 30.e5 fxe5 31.Bxe5 Rhd8 32.e4 Rd7 33.Kf3 Ra6 34.Rc6 Ra5 35.Bd4 Rd6
36.Rc7 {#r} 1-0

[Event "It"]
[Site "masterchessopen.com Baku (Azerbaijan)"]
[Round "0"]
[White "Avshalumov Alex (RUS)"]
[Black "Sideif-Sade Fikret I (AZE)"]
[Result "1-0"]
[WhiteElo "2420"]
[BlackElo "2381"]

1.d4 Nf6 2.c4 g6 3.Nc3 d5 4.Bf4 Bg7 5.e3 c5 6.dxc5 Qa5 7.Qb3 Nc6 8.Qb5 Be6
9.Nf3 Ne4 10.Qxa5 Nxa5 11.Nxd5 Bxd5 12.cxd5 Bxb2 13.Bb5+ Kf8 14.Rb1 Bc3+
15.Ke2 Bg7 16.Rhc1 Nc3+ 17.Rxc3 Bxc3 18.Kd3 Bf6 19.e4 e6 20.e5 g5 21.Bd2 Bd8
22.d6 Rc8 23.Bxa5 Bxa5 24.c6 bxc6 25.Ba6 Ra8 26.Nd4 Bb6 27.Nxc6 f6 28.Bb7 Re8
29.Rxb6 axb6 30.d7 Rd8 31.Nxd8 Ke7 32.Nc6+ Kxd7 33.exf6 Rf8 34.Ne5+ Kd6 35.Kd4
Rxf6 36.Be4 h5 37.h3 Rf8 38.Bc2 Rf4+ 39.Be4 Rf8 40.g3 Rf6 41.Bd3 h4 42.gxh4
Rf4+ 43.Be4 gxh4 44.Ng6 Rf7 45.Kc4 Rh7 46.Kb4 Rh5 47.a3 Kc7 48.f4 Kd6 49.Nf8
Rh6 50.Bf3 {#r} 1-0

[Event "It (open)"]
[Site "masterchessopen.com Balatonbereny (Hungary)"]
[Round "11"]
[White "Zoebisch Herbert (AUT)"]
[Black "Antic Dejan (SRB)"]
[Result "0-1"]
[WhiteElo "2149"]
[BlackElo "2325"]

1.d4 Nf6 2.c4 g6 3.Nc3 d5 4.Bf4 Bg7 5.e3 c5 6.dxc5 Qa5 7.Rc1 Ne4 8.Ne2 e5
9.Bxe5 Bxe5 10.Qxd5 Nc6 11.Qxe4 Bf5 12.Qh4 Qb4 13.e4 Qxb2 14.exf5 Nb4 15.Qe4
O-O-O 16.Nd5 Rhe8 17.Kd1 Bc3 18.Nxc3 Rxe4 19.Nxe4 Nxd5 20.Nd6+ Rxd6 21.cxd6
Nc3+ 22.Rxc3 Qxc3 23.fxg6 hxg6 24.h4 Qa1+ 25.Kd2 Qxa2+ 26.Ke3 Qa1 27.f4 Qe1+
28.Kd4 f5 29.c5 Qe4+ 30.Kc3 Qe3+ 31.Kb4 Qd2+ 32.Kb3 a5 33.h5 gxh5 34.g3 Qd5+
{#R} 0-1

[Event "Ch URS (qual)"]
[Site "masterchessopen.com Blagovescensk (Russia)"]
[Round "0"]
[White "Novikov Igor A (USA)"]
[Black "Lputian Smbat G (ARM)"]
[Result "0-1"]
[WhiteElo "2500"]
[BlackElo "2540"]

1.d4 Nf6 2.c4 g6 3.Nc3 d5 4.Bf4 Bg7 5.e3 c5 6.dxc5 Qa5 7.Qa4+ Qxa4 8.Nxa4 O-O
9.Nf3 Ne4 10.cxd5 Bd7 11.Bd3 Bxa4 12.Bxe4 Nd7 13.O-O Nxc5 14.Nd2 Bb5 15.Rfe1
Bd3 16.Bxd3 Nxd3 17.Re2 Rfd8 18.Nf3 Rxd5 19.Bg5 e6 20.Rd1 h6 21.e4 Nxb2
22.Rxd5 exd5 23.Bf4 Nd3 24.Bd6 Rc8 25.h3 Nc1 26.Re1 dxe4 27.Rxe4 Nxa2 28.Ra4
Nc3 {#R} 0-1

[Event "It (cat.10)"]
[Site "masterchessopen.com Budapest (Hungary)"]
[Round "6"]
[White "Tatai Stefano (ITA)"]
[Black "Gavrikov Viktor (LTU)"]
[Result "0-1"]
[WhiteElo "2380"]
[BlackElo "2545"]

1.d4 Nf6 2.c4 g6 3.Nc3 d5 4.Bf4 Bg7 5.e3 c5 6.dxc5 Qa5 7.Qa4+ Qxa4 8.Nxa4 Be6
9.Rc1 O-O 10.Nf3 Rc8 11.b4 dxc4 12.Bxc4 Bxc4 13.Rxc4 Nbd7 14.Rc2 Nd5 15.a3
N7b6 16.Nb2 a5 17.bxa5 Rxa5 18.Nd3 Rxa3 19.Ke2 Na4 20.Be5 Bxe5 21.Nfxe5 f6
22.Nf3 e5 {#R} 0-1

[Event "It (open)"]
[Site "masterchessopen.com Bussum (Netherlands)"]
[Round "0"]
[White "Van De Berkmortel Theo (NED)"]
[Black "De Boer Gert-Jan (NED)"]
[Result "0-1"]
[WhiteElo "2214"]
[BlackElo "2390"]

1.d4 Nf6 2.c4 g6 3.Nc3 d5 4.Bf4 Bg7 5.e3 c5 6.dxc5 Qa5 7.Qa4+ Qxa4 8.Nxa4 Ne4
9.cxd5 Bd7 10.f3 Bxa4 11.fxe4 Bxb2 12.Rb1 Bc3+ 13.Kf2 Nd7 14.Rc1 Nxc5 15.Kf3
Bb4 16.Rc4 Bb5 17.Rxb4 Bxf1 18.Ne2 Bxe2+ 19.Kxe2 Kd7 20.Be5 Rhc8 21.Rc1 b6
22.Rbc4 Nxe4 23.Rc7+ Kd8 24.R1c4 Nc5 25.Rc6 Rxc6 26.dxc6 Rc8 27.Rh4 f6 28.c7+
Kd7 29.Bd4 h5 30.g4 hxg4 31.Rxg4 g5 32.Bxc5 bxc5 33.h4 gxh4 34.Rxh4 Rxc7
35.Kd3 Kc6 36.Kc4 Rb7 37.a3 Rb1 38.Rh8 Rc1+ {#R} 0-1

[Event "Ch Ukraine"]
[Site "masterchessopen.com Lvov (Ukraine)"]
[Round "4"]
[White "Huzman Alexander (ISR)"]
[Black "Neverov Valeriy (UKR)"]
[Result "0-1"]
[WhiteElo "2465"]
[BlackElo "2440"]

1.d4 Nf6 2.c4 g6 3.Nc3 d5 4.Bf4 Bg7 5.e3 c5 6.dxc5 Qa5 7.Rc1 Ne4 8.cxd5 Nxc3
9.Qd2 Qxa2 10.bxc3 Qa5 11.Bc4 Nd7 12.Nf3 Nxc5 13.O-O Ne4 14.Qc2 Nd6 15.Bxd6
exd6 16.Qe4+ Kf8 17.Nd4 Bd7 18.f4 Rc8 19.Ne6+ fxe6 20.dxe6 Bc6 21.Qd3 Ke7 {#R}
0-1

[Event "Ch URS (club)"]
[Site "masterchessopen.com Naberezhnye Chelny (Russia)"]
[Round "0"]
[White "Kozlov Vladimir A (RUS)"]
[Black "Itkis Boris (ROM)"]
[Result "1-0"]
[WhiteElo "2244"]
[BlackElo "2440"]

1.d4 Nf6 2.c4 g6 3.Nc3 d5 4.Bf4 Bg7 5.e3 c5 6.dxc5 Qa5 7.Rc1 dxc4 8.Qa4+ Qxa4
9.Nxa4 Bd7 10.Rxc4 Na6 11.Nf3 Rc8 12.Ne5 Bb5 13.Rd4 Bxf1 14.Kxf1 Nxc5 15.Rc4
Nfe4 16.Ke2 b5 17.Nxc5 Nxf2 18.Ne6 Rxc4 19.Nxg7+ Kf8 20.Ne6+ fxe6 21.Kxf2 Rc2+
22.Kg3 g5 23.Bxg5 Rg8 24.Kh4 Rxg2 25.Bh6+ Ke8 26.h3 Rxb2 27.Rc1 Kd8 28.Bf4
Rxa2 29.Nf7+ {#r} 1-0

[Event "Ch URS (club)"]
[Site "masterchessopen.com Naberezhnye Chelny (Russia)"]
[Round "0"]
[White "Yuferov Sergey N (RUS)"]
[Black "Gogichaishvili Giorgi (GEO)"]
[Result "1-0"]
[WhiteElo "2412"]
[BlackElo "2348"]

1.d4 Nf6 2.c4 g6 3.Nc3 d5 4.Bf4 Bg7 5.e3 c5 6.dxc5 Qa5 7.Qa4+ Qxa4 8.Nxa4 Bd7
9.Nc3 dxc4 10.Bxc4 Bc6 11.Nf3 Nbd7 12.Ne5 Nxe5 13.Bxe5 Bxg2 14.Rg1 Bc6 15.b4
a6 16.Ke2 O-O 17.Rad1 Rfd8 18.f3 Nd7 19.Bxg7 Kxg7 20.e4 Ne5 21.Bb3 Be8 22.Ke3
Rxd1 23.Rxd1 a5 24.b5 Rc8 25.f4 Rxc5 26.Na4 Ng4+ 27.Kf3 Nxh2+ 28.Kg3 Rxb5
29.Kxh2 Rb4 30.Nc3 a4 31.Bc2 Rc4 32.Rd3 Bc6 33.Re3 b5 34.a3 b4 35.axb4 a3
36.Bb3 Rxb4 37.Ba2 Rb2+ 38.Kg3 e6 39.Bc4 Rc2 40.Bb3 Rb2 41.Bc4 Rc2 42.Bb3 {#r}
1-0